[Event "China zt 3.5 2014"]
[Site "Zhongshan CHN"]
[Date "2014.11.03"]
[Round "9.8"]
[White "Lin, Chen"]
[Black "Zhang, Ziji"]
[Result "1/2-1/2"]
[WhiteTitle "IM"]
[WhiteElo "2463"]
[BlackElo "2190"]
[WhiteFideId "8602298"]
[BlackFideId "8609470"]
[EventDate "2014.10.26"]

1. e4 c5 2. Nf3 d6 3. d4 cxd4 4. Qxd4 a6 5. Be3 Nc6 6. Qd2 Nf6 7. Nc3 g6 8.
O-O-O Bg4 9. Nd5 Nxd5 10. exd5 Ne5 11. Nxe5 dxe5 12. f3 Bd7 13. h4 h5 14. Be2
Bg7 15. d6 Bc6 16. dxe7 Qxd2+ 17. Rxd2 Bf6 18. Bc4 Bxe7 19. Bg5 f6 20. Be3 Rd8
21. Rxd8+ Bxd8 22. Rd1 Rh7 23. Rd6 Be7 24. Rd2 Bd8 25. Rd6 Be7 26. Rd2 1/2-1/2

[Event "China zt 3.5 2014"]
[Site "Zhongshan CHN"]
[Date "2014.11.03"]
[Round "9.9"]
[White "Li, Di"]
[Black "Lei, Tingjie"]
[Result "0-1"]
[WhiteTitle "FM"]
[BlackTitle "WGM"]
[WhiteElo "2189"]
[BlackElo "2421"]
[WhiteFideId "8607508"]
[BlackFideId "8605114"]
[EventDate "2014.10.26"]

1. d4 Nf6 2. c4 g6 3. Nf3 Bg7 4. Nc3 d5 5. cxd5 Nxd5 6. Bd2 O-O 7. Rc1 Nxc3 8.
Bxc3 Qd5 9. b3 Rd8 10. e3 c5 11. Bc4 Qf5 12. Qe2 Nc6 13. e4 Qh5 14. d5 Bxc3+ 15.
Rxc3 Ne5 16. Nd2 Qh6 17. O-O Qg7 18. Rg3 Nxc4 19. bxc4 e6 20. f4 exd5 21. e5 Bf5
22. Rb3 b6 23. g4 dxc4 24. gxf5 cxb3 25. f6 Qh6 26. axb3 Qh3 27. Ne4 Rd4 28. Ng5
Qd3 29. Qe1 Qf5 30. Qh4 h5 31. h3 Rad8 32. e6 fxe6 33. f7+ Kg7 34. Qe1 Kf6 35.
Qa1 a5 36. Re1 e5 37. Qb2 Qxf4 38. Rf1 Rd1 0-1

[Event "China zt 3.5 2014"]
[Site "Zhongshan CHN"]
[Date "2014.11.03"]
[Round "9.10"]
[White "Liu, Guanchu"]
[Black "Xu, Xiangyu"]
[Result "1-0"]
[WhiteTitle "IM"]
[WhiteElo "2409"]
[BlackElo "2152"]
[WhiteFideId "8603901"]
[BlackFideId "8608288"]
[EventDate "2014.10.26"]

1. e4 e5 2. Nf3 Nc6 3. Bc4 Nf6 4. Ng5 Bc5 5. Nxf7 Bxf2+ 6. Kf1 Qe7 7. Nxh8 d5 8.
exd5 Nd4 9. d6 cxd6 10. Kxf2 Ng4+ 11. Kg1 d5 12. h3 Nf6 13. d3 dxc4 14. Be3 Bd7
15. Nc3 Bc6 16. Qd2 O-O-O 17. Re1 Qc7 18. Kh2 Rxh8 19. Rhf1 Rd8 20. Qf2 Nh5 21.
dxc4 g6 22. Kg1 Nf5 23. Bxa7 Qe7 24. Bb6 Rd7 25. Qc5 Qxc5+ 26. Bxc5 Nhg3 27. Rf2 1-0

[Event "China zt 3.5 2014"]
[Site "Zhongshan CHN"]
[Date "2014.11.03"]
[Round "9.11"]
[White "Chu, Wei Chao"]
[Black "Zhao, Yuanhe"]
[Result "1-0"]
[WhiteTitle "IM"]
[WhiteElo "2369"]
[BlackElo "2091"]
[WhiteFideId "8605661"]
[BlackFideId "8609497"]
[EventDate "2014.10.26"]

1. d4 Nf6 2. c4 g6 3. Nc3 d5 4. cxd5 Nxd5 5. e4 Nxc3 6. bxc3 Bg7 7. Bc4 c5 8.
Ne2 O-O 9. O-O Nd7 10. Rb1 Qa5 11. Qb3 Nb6 12. Bb5 a6 13. Bd3 Na4 14. Qa3 b5 15.
Bc2 Bd7 16. Be3 cxd4 17. cxd4 Rfc8 18. Rfc1 e6 19. Qd6 Be8 20. Bb3 Bf8 21. Qg3
Rxc1+ 22. Rxc1 Ba3 23. Rf1 Nc3 24. Nxc3 Qxc3 25. d5 e5 26. f4 Bd6 27. fxe5 Bxe5
28. Bf4 Qxg3 29. Bxg3 Bxg3 30. hxg3 Bd7 31. d6 Rf8 32. e5 a5 33. Bd5 b4 34. Rf4
g5 35. Rf6 a4 36. Kf2 a3 37. Ke3 Be6 38. Kd4 Bxd5 39. Kxd5 Ra8 40. Rf3 g4 41.
Rb3 Rb8 42. Kc6 Rc8+ 43. Kb7 Rd8 44. Kc7 Ra8 45. d7 Ra7+ 46. Kc8 Ra8+ 47. Kb7 1-0

[Event "China zt 3.5 2014"]
[Site "Zhongshan CHN"]
[Date "2014.11.03"]
[Round "9.12"]
[White "Yuan, Qingyu"]
[Black "Xu, Minghui"]
[Result "1-0"]
[WhiteElo "2358"]
[BlackElo "2140"]
[WhiteFideId "8609772"]
[BlackFideId "8606790"]
[EventDate "2014.10.26"]

1. e4 c5 2. Nf3 e6 3. b3 b6 4. Bb2 Bb7 5. Qe2 Nc6 6. g3 Nf6 7. Bg2 Be7 8. O-O
O-O 9. c4 d6 10. d4 cxd4 11. Nxd4 Nxd4 12. Bxd4 Nd7 13. Rd1 Qc7 14. Bb2 a6 15.
Nc3 Rad8 16. Rd2 Qb8 17. Rad1 Nc5 18. f4 Bc6 19. Nd5 Bxd5 20. exd5 e5 21. fxe5
dxe5 22. Qxe5 Qxe5 23. Bxe5 Bd6 24. Bxd6 Rxd6 25. b4 Na4 26. Rc2 Rc8 27. Rdc1 1-0

[Event "China zt 3.5 2014"]
[Site "Zhongshan CHN"]
[Date "2014.11.03"]
[Round "9.13"]
[White "Zhang, Xiaopeng"]
[Black "Fang, Yuxiang"]
[Result "1/2-1/2"]
[WhiteElo "2228"]
[BlackElo "2325"]
[WhiteFideId "8604037"]
[BlackFideId "8605840"]
[EventDate "2014.10.26"]

1. e4 e6 2. d4 d5 3. Nd2 Nf6 4. e5 Nfd7 5. c3 c5 6. f4 Nc6 7. Ndf3 Qb6 8. Ne2 f6
9. Qb3 Be7 10. Qxb6 Nxb6 11. b3 a5 12. a4 O-O 13. Ba3 c4 14. Nc1 Bxa3 15. Rxa3
Bd7 16. Nd2 fxe5 17. fxe5 Ne7 18. bxc4 Nxa4 19. c5 b6 20. cxb6 Rfb8 21. Bd3 Rxb6
22. Bc2 Nb2 23. Ncb3 Na4 24. Nc1 Nb2 25. Ncb3 Na4 1/2-1/2

[Event "China zt 3.5 2014"]
[Site "Zhongshan CHN"]
[Date "2014.11.03"]
[Round "9.14"]
[White "Xu, Zhihang"]
[Black "Dai, Changren"]
[Result "1/2-1/2"]
[WhiteElo "2119"]
[BlackElo "2283"]
[WhiteFideId "8611572"]
[BlackFideId "8608156"]
[EventDate "2014.10.26"]

1. Nf3 Nf6 2. c4 g6 3. Nc3 Bg7 4. g3 O-O 5. Bg2 d6 6. d4 Nc6 7. O-O a6 8. Qd3 e5
9. dxe5 Nxe5 10. Nxe5 dxe5 11. Qxd8 Rxd8 12. Bg5 Re8 13. Nd5 Nxd5 14. cxd5 Bd7
15. Rfc1 Rac8 16. Rc2 e4 17. Rac1 c6 18. dxc6 Rxc6 19. Rxc6 Bxc6 20. b3 h6 21.
Bd2 Rd8 22. Rc2 f5 23. e3 Bc3 24. Bxc3 Rd1+ 25. Bf1 Bb5 26. Bb2 Rxf1+ 27. Kg2
Rb1 28. Bc1 Bd3 29. Rc8+ Kf7 30. g4 fxg4 31. Kg3 Ra1 32. a4 Ra2 33. Rc7+ Kf6 34.
Rxb7 Kg5 35. Rd7 Kh5 36. Rd6 g5 37. Re6 a5 38. Rb6 Be2 39. Rd6 Bf3 40. Rd2 Ra1
41. Rc2 Bd1 42. Bb2 Rb1 43. Rc1 Rxc1 44. Bxc1 Bxb3 45. Bd2 Bxa4 46. Bxa5 Bb5 47.
Kg2 Kg6 48. Bb4 Kf5 49. Bf8 h5 50. Be7 1/2-1/2

[Event "China zt 3.5 2014"]
[Site "Zhongshan CHN"]
[Date "2014.11.03"]
[Round "9.15"]
[White "Fang, Yan"]
[Black "Lan, Zilun"]
[Result "1/2-1/2"]
[WhiteElo "2267"]
[BlackElo "2147"]
[WhiteFideId "8604746"]
[BlackFideId "8604193"]
[EventDate "2014.10.26"]

1. Nf3 Nf6 2. g3 c5 3. Bg2 g6 4. d4 cxd4 5. Nxd4 Nc6 6. Nb3 Bg7 7. O-O O-O 8.
Nc3 d6 9. e4 Bg4 10. Qe1 Qd7 11. Bf4 Rac8 12. f3 Bh3 13. Rd1 Bxg2 14. Kxg2 Qc7
15. Rf2 a6 16. Nd5 Nxd5 17. exd5 Ne5 18. Bxe5 Bxe5 19. c3 Qd7 20. f4 Bf6 21. Nd2
Rc7 22. Ne4 Qf5 23. Nxf6+ Qxf6 24. Qe4 1/2-1/2

[Event "China zt 3.5 2014"]
[Site "Zhongshan CHN"]
[Date "2014.11.03"]
[Round "9.16"]
[White "Li, Hanbin"]
[Black "Chen, Qi b"]
[Result "1-0"]
[WhiteElo "2257"]
[BlackElo "1925"]
[WhiteFideId "8602670"]
[BlackFideId "8614733"]
[EventDate "2014.10.26"]

1. e4 c5 2. Nf3 d6 3. d4 cxd4 4. Nxd4 Nf6 5. Nc3 a6 6. Bc4 g6 7. Bb3 Bg7 8. Be3
O-O 9. f3 Bd7 10. Qd2 Nc6 11. O-O-O b5 12. h4 h5 13. g4 hxg4 14. h5 Nxd4 15.
Bxd4 Nxh5 16. Bxg7 Kxg7 17. Rxh5 Rh8 18. Rxh8 Qxh8 19. fxg4 Bxg4 20. Rg1 Qh5 21.
Nd5 Re8 22. Ne3 Bd7 23. Qf2 e6 24. Rf1 f5 25. Qg3 Qh6 26. Kb1 f4 27. Rxf4 Qh1+
28. Rf1 Qxe4 29. Qxd6 1-0

[Event "China zt 3.5 2014"]
[Site "Zhongshan CHN"]
[Date "2014.11.03"]
[Round "9.17"]
[White "Bao, Qilin"]
[Black "Xiang, Zeyu"]
[Result "1/2-1/2"]
[WhiteElo "2249"]
[BlackElo "2107"]
[WhiteFideId "8605750"]
[BlackFideId "8608547"]
[EventDate "2014.10.26"]

1. e4 c5 2. Nf3 e6 3. d4 cxd4 4. Nxd4 Nc6 5. Nc3 Qc7 6. Ndb5 Qb8 7. Be3 a6 8.
Bb6 axb5 9. Nxb5 Bb4+ 10. c3 Ba5 11. Nc7+ Qxc7 12. Bxc7 Bxc7 13. Qg4 g6 14. Bb5
Nge7 15. O-O O-O 16. Qe2 d5 17. exd5 Nxd5 18. Rfd1 Bd7 19. a4 Rfd8 20. a5 Rxa5
21. Rxa5 Bxa5 22. Bxc6 Bxc6 23. c4 Nb4 24. Rxd8+ Bxd8 25. Qe5 Be7 26. h4 h5 27.
Kf1 Na6 28. f3 Bd7 29. g4 hxg4 30. fxg4 Bc6 31. h5 gxh5 32. gxh5 Kh7 33. Qf4 f5
34. Qe5 Bd7 35. b4 b6 36. Qg3 Be8 37. Qe3 Nxb4 38. Qxe6 Nc6 39. Qxf5+ Kh6 40.
Qd5 Kg7 41. Kg2 Kh6 42. Kh3 Nd8 43. Kg4 Bf7 44. Qd2+ Kg7 45. Qd4+ Bf6 46. Qe4
Be6+ 47. Kg3 Bf7 48. Qf5 Be7 49. Kg2 Kh6 50. Qe5 Ne6 51. Kf1 Bd8 52. Kg2 Be7 53.
Kg3 Bd8 54. Kg4 Kh7 55. Qf5+ Kg8 56. h6 Nf8 57. Kf3 Be7 58. Ke3 Ng6 59. Kd4 Bf8
60. h7+ Kg7 61. Kc3 Be7 62. Kb3 Bf8 63. Ka4 Be8+ 64. Kb3 Kxh7 65. Qe6 Be7 66.
Qxb6 Kg7 67. Qe6 Bf7 68. Qf5 Bf6 69. Kb4 Ne5 70. c5 Nc6+ 71. Ka4 Be8 72. Qe6 Be7
73. Qc8 Kf8 74. Qf5+ Kg7 75. Ka3 Kg8 76. Kb2 Kg7 77. Qe6 Bf6+ 78. Ka3 1/2-1/2

[Event "China zt 3.5 2014"]
[Site "Zhongshan CHN"]
[Date "2014.11.03"]
[Round "9.19"]
[White "Nie, Xinyang"]
[Black "Jia, Haoxiang"]
[Result "1/2-1/2"]
[BlackTitle "IM"]
[WhiteElo "1911"]
[BlackElo "2424"]
[WhiteFideId "8607222"]
[BlackFideId "8602999"]
[EventDate "2014.10.26"]

1. d4 d5 2. c4 e6 3. Nc3 Nf6 4. Bg5 Nbd7 5. Nf3 c6 6. e3 Be7 7. Rc1 O-O 8. Bd3
dxc4 9. Bxc4 Nd5 10. Bxe7 Qxe7 11. O-O Nxc3 12. Rxc3 e5 13. e4 exd4 14. Qxd4 Nb6
15. Bb3 Be6 16. Bxe6 Qxe6 17. a4 Rad8 18. Qb4 Qd6 19. Qb3 Rd7 20. a5 Nc8 21. a6
bxa6 22. e5 Qd5 23. Qa4 Nb6 24. Qxc6 Rfd8 25. h3 h6 26. Rfc1 a5 27. b3 Qxc6 28.
Rxc6 Rd1+ 29. Kh2 Rxc1 30. Rxc1 Rd3 31. Rc5 Rxb3 32. Rxa5 Nc8 33. Nd4 1/2-1/2

[Event "China zt 3.5 2014"]
[Site "Zhongshan CHN"]
[Date "2014.11.03"]
[Round "9.20"]
[White "Shen, Chenyi"]
[Black "Zhao, Zhouqiao CHN"]
[Result "1/2-1/2"]
[BlackTitle "FM"]
[WhiteElo "2066"]
[BlackElo "2228"]
[WhiteFideId "8609071"]
[BlackFideId "8608342"]
[EventDate "2014.10.26"]

1. e4 e5 2. Nf3 Nc6 3. Bc4 g6 4. O-O Bg7 5. c3 d6 6. Re1 Nf6 7. d4 O-O 8. dxe5
dxe5 9. Nbd2 Qe7 10. b4 a5 11. b5 Nb8 12. a4 Rd8 13. Ng5 Be6 14. Nxe6 fxe6 15.
Qb3 Nbd7 16. Bxe6+ Kh8 17. Ba3 Nc5 18. Qc4 Bf8 19. Bxc5 Qxc5 20. Qxc5 Bxc5 21.
Nb3 Bd6 22. Bd5 Ra7 23. Red1 Rf8 24. f3 Nd7 25. Kf1 Rf6 26. Ke2 Kg7 27. h4 Kf8
28. g3 Ke7 29. Rf1 Rf8 30. Nd2 Nb6 31. Bb3 h6 32. Rh1 Bc5 33. Rad1 Raa8 34. Nf1
Rad8 35. Rxd8 Rxd8 36. g4 Nc8 37. Ng3 Nd6 38. Rd1 c6 39. h5 g5 40. Ba2 Ba7 41.
bxc6 bxc6 42. Nf5+ Nxf5 43. exf5 Rxd1 44. Kxd1 Bb8 45. Ke2 e4 46. fxe4 Be5 47.
Kd3 Kd6 48. Be6 Bf6 49. c4 c5 1/2-1/2

[Event "China zt 3.5 2014"]
[Site "Zhongshan CHN"]
[Date "2014.11.03"]
[Round "9.21"]
[White "Lin, Yi"]
[Black "Peng, Hongchi"]
[Result "1/2-1/2"]
[WhiteElo "2013"]
[BlackElo "2144"]
[WhiteFideId "8609659"]
[BlackFideId "8609047"]
[EventDate "2014.10.26"]

1. d4 c5 2. d5 e5 3. c4 d6 4. e4 f5 5. Nc3 Nf6 6. Bd3 f4 7. g3 fxg3 8. hxg3 Be7
9. f3 Na6 10. Be3 Bd7 11. Qd2 Qa5 12. g4 O-O-O 13. O-O-O h6 14. Nge2 Nh7 15. Ng3
Bg5 16. Nf5 Bxf5 17. exf5 Kb8 18. a3 Nc7 19. Ne4 Qxd2+ 20. Kxd2 Bxe3+ 21. Kxe3
Ng5 22. Nxg5 hxg5 23. Rdg1 Rh4 24. Rxh4 gxh4 25. Bf1 Rh8 26. Bh3 b5 27. b3 a5
28. Kd3 Kc8 29. g5 Kd8 30. Rg4 bxc4+ 31. bxc4 Ke7 32. Kc3 a4 33. Rg2 Rb8 34. Rb2
Rxb2 35. Kxb2 Na8 36. Kc3 Nb6 37. Kd3 e4+ 38. fxe4 Nd7 39. Ke3 Ne5 40. Bf1 h3
41. Kf2 h2 42. Kg2 Nf3 43. f6+ gxf6 44. g6 Ne1+ 45. Kxh2 Nc2 46. Kg3 Kf8 1/2-1/2

[Event "China zt 3.5 2014"]
[Site "Zhongshan CHN"]
[Date "2014.11.03"]
[Round "9.22"]
[White "Yan, Xuesong"]
[Black "Yang, Jie"]
[Result "1-0"]
[WhiteElo "1900"]
[BlackElo "2325"]
[WhiteFideId "8609764"]
[BlackFideId "8602336"]
[EventDate "2014.10.26"]

1. e4 c5 2. Nf3 d6 3. b3 Nf6 4. Bb5+ Bd7 5. Bxd7+ Qxd7 6. Qe2 Nc6 7. Bb2 e6 8.
O-O Be7 9. d4 cxd4 10. Nxd4 O-O 11. c4 a6 12. Rd1 Nxd4 13. Rxd4 Qc6 14. Nc3 Rac8
15. Re1 Qc5 16. Rd2 Rb8 17. a4 Qb4 18. Qd1 Nd7 19. Na2 Qc5 20. Qc2 b5 21. Bd4
Qc8 22. cxb5 axb5 23. a5 b4 24. Rc1 Qa6 25. Qc6 Qxc6 26. Rxc6 Rfc8 27. Rdc2 Rxc6
28. Rxc6 Nc5 29. a6 Ra8 30. Nxb4 Nxb3 31. Bc3 Nc5 32. e5 Ne4 33. exd6 Bxd6 34.
f3 Nxc3 35. Rxd6 g5 36. Rd7 Nb5 37. Kf2 Kf8 38. Rb7 Nd6 39. Rb6 Nc8 40. Rb5 Ke8
41. Rxg5 Rb8 42. Rg4 Kf8 43. Ke2 Na7 44. Kd3 h6 45. Kc4 Rc8+ 46. Kb3 Rc1 47. Rc4
Rb1+ 48. Ka2 Rg1 49. Rc2 Ke8 50. Nc6 Nxc6 51. Rxc6 Rxg2+ 52. Kb1 Kd7 53. Rc2
Rxc2 54. Kxc2 Kc6 55. Kd3 Kb6 56. Kd4 Kxa6 57. Ke5 Kb6 58. h4 h5 59. Kf6 Kc6 60.
Kxf7 Kd5 61. Kg6 Kd6 62. Kxh5 Ke7 63. Kg6 1-0

[Event "China zt 3.5 2014"]
[Site "Zhongshan CHN"]
[Date "2014.11.03"]
[Round "9.23"]
[White "Wu, Xibin"]
[Black "Teng, Jiarong"]
[Result "1-0"]
[WhiteTitle "IM"]
[WhiteElo "2278"]
[BlackElo "2092"]
[WhiteFideId "8600309"]
[BlackFideId "8609977"]
[EventDate "2014.10.26"]

1. Nf3 Nf6 2. c4 c6 3. d4 d5 4. e3 Bf5 5. Nc3 e6 6. Nh4 Bg6 7. Bd2 Nbd7 8. Be2
Bd6 9. O-O O-O 10. Nxg6 hxg6 11. Qc2 dxc4 12. Bxc4 e5 13. Qxg6 Nb6 14. Bb3 Nbd5
15. Qf5 exd4 16. exd4 Qb6 17. Be3 Rfe8 18. Rfe1 Nxe3 19. fxe3 Rxe3 20. Rxe3 Qxd4
21. Bxf7+ Kxf7 22. Qe6+ Kf8 23. Rd1 Bxh2+ 24. Kh1 Qc5 25. Rh3 Nh5 26. Rf1+ Bf4
27. Rxf4+ Nxf4 28. Rh8# 1-0

[Event "China zt 3.5 2014"]
[Site "Zhongshan CHN"]
[Date "2014.11.03"]
[Round "9.24"]
[White "Wang, Jiaqi"]
[Black "Liu, Zhaoqi"]
[Result "0-1"]
[WhiteElo "1844"]
[BlackElo "2073"]
[WhiteFideId "8609128"]
[BlackFideId "8609381"]
[EventDate "2014.10.26"]

1. e4 e6 2. d4 d5 3. Nc3 Bb4 4. e5 c5 5. a3 Bxc3+ 6. bxc3 Qc7 7. Qg4 f5 8. Qg3
Ne7 9. Bd2 O-O 10. Bd3 Nbc6 11. Nf3 cxd4 12. cxd4 Bd7 13. O-O Be8 14. Ng5 Qd7
15. c3 Rc8 16. Rab1 Na5 17. Bb5 Nec6 18. c4 Nxc4 19. Bb4 Bg6 20. Bxf8 f4 21.
Bxc6 bxc6 22. Qh4 Rxf8 23. Rbc1 h6 24. Nh3 Qf7 25. g3 Nd2 26. Qxf4 Nf3+ 27. Kg2
Qe8 28. Qe3 Be4 29. Ng1 Ne1+ 30. Kh3 0-1

[Event "China zt 3.5 2014"]
[Site "Zhongshan CHN"]
[Date "2014.11.03"]
[Round "9.25"]
[White "Yang, Yanqing"]
[Black "Yu, Kaifeng"]
[Result "1-0"]
[BlackTitle "FM"]
[WhiteElo "1992"]
[BlackElo "2123"]
[WhiteFideId "8613575"]
[BlackFideId "8609667"]
[EventDate "2014.10.26"]

1. e4 c5 2. Nf3 d6 3. d4 cxd4 4. Nxd4 Nf6 5. Nc3 a6 6. Be2 e5 7. Nb3 Be7 8. O-O
O-O 9. Kh1 Nc6 10. f4 Be6 11. f5 Bd7 12. Bf3 Rc8 13. Be3 b5 14. a4 b4 15. Nd5
Nxd5 16. Qxd5 Nb8 17. Rf2 Bc6 18. Qd2 a5 19. Qd3 Qc7 20. Bd2 Nd7 21. c3 Rb8 22.
cxb4 axb4 23. Be3 Nf6 24. Rc2 Qd7 25. a5 Bb5 26. Qd2 Ba4 27. Qd3 d5 28. Rd2 d4
29. Nxd4 exd4 30. Bxd4 Rfd8 31. e5 Ne8 32. a6 Bc6 33. a7 Ra8 34. Bb6 Qxd3 35.
Rxd3 Rdc8 36. f6 gxf6 37. Bg4 fxe5 38. Bxc8 Rxc8 39. Rc1 1-0

[Event "China zt 3.5 2014"]
[Site "Zhongshan CHN"]
[Date "2014.11.03"]
[Round "9.26"]
[White "Huang, Zhi"]
[Black "Zhou, Xiangheng"]
[Result "1-0"]
[WhiteElo "2107"]
[BlackElo "1682"]
[WhiteFideId "8608920"]
[BlackFideId "8607907"]
[EventDate "2014.10.26"]

1. d4 d5 2. Nf3 Nf6 3. c4 c6 4. e3 e6 5. Bd3 a6 6. Nbd2 dxc4 7. Nxc4 b5 8. Nce5
c5 9. O-O Bb7 10. Ng5 Qd5 11. e4 Qxd4 12. Nexf7 Rg8 13. Be3 Qd7 14. Ne5 Qe7 15.
a4 c4 16. Bc2 Nc6 17. Nxc6 Bxc6 18. axb5 Bxb5 19. Ba4 Rd8 20. Qc2 h6 21. Nf3 Nd7
22. Nd4 e5 23. Nxb5 axb5 24. Bxb5 g5 25. Rfd1 Rg6 26. Bxd7+ Rxd7 27. Ra8+ Kf7
28. Qxc4+ Kg7 29. Rxd7 Qxd7 30. Ra7 Qxa7 31. Bxa7 Rd6 32. g3 1-0

[Event "China zt 3.5 2014"]
[Site "Zhongshan CHN"]
[Date "2014.11.04"]
[Round "10.2"]
[White "Wang, Yiye"]
[Black "Zhao, Jun"]
[Result "1/2-1/2"]
[WhiteTitle "IM"]
[BlackTitle "GM"]
[WhiteElo "2422"]
[BlackElo "2578"]
[WhiteFideId "8606021"]
[BlackFideId "8602522"]
[EventDate "2014.10.26"]

1. e4 e5 2. Nf3 Nc6 3. Bc4 Bc5 4. c3 Nf6 5. d4 exd4 6. cxd4 Bb4+ 7. Bd2 Nxe4 8.
Bxb4 Nxb4 9. Bxf7+ Kxf7 10. Qb3+ Kf8 11. Qxb4+ Qe7 12. Qxe7+ Kxe7 13. Nc3 Nxc3
14. bxc3 d6 15. Nd2 Be6 16. Nf1 c5 17. Ne3 b5 18. O-O-O Rhf8 19. dxc5 dxc5 20.
Rhe1 Rad8 21. Nd5+ Kf7 22. Re5 Rxd5 23. Rdxd5 Bxd5 24. Rxd5 Ke6 25. Rd2 g5 26.
Re2+ Kd5 27. Kc2 g4 28. Rd2+ Kc4 29. Re2 h5 30. f3 gxf3 31. gxf3 Rxf3 32. Re4+
Kd5 33. Rh4 Rf5 34. a4 a6 35. axb5 axb5 36. c4+ bxc4 37. Kc3 Re5 38. Rh3 Rg5 39.
Rf3 Ke4 40. Rh3 Kf5 41. Rf3+ Ke4 42. Rh3 Kd5 43. Rf3 Re5 44. Rh3 Ke4 45. Rh4+
Kf3 46. Kxc4 Rg5 47. Kc3 Rf5 48. Kc2 Kg2 49. Kd2 Rg5 50. Kc2 Rd5 51. Kc3 Rf5 52.
Kc2 Rg5 53. Kd2 Kh1 54. Kc3 c4 55. Rh3 Kg2 56. Rh4 Kg1 57. Rh3 Kf2 58. Rh4 Kg2
59. Kb4 Kg1 60. Kc3 Kh1 61. Kb4 Kg2 62. Kc3 Kf3 63. Rh3+ Kf4 64. Rh4+ Kf5 65.
Kxc4 Kg6 66. Kd3 Rg2 67. Ke3 Kg5 68. Kf3 Ra2 69. Rb4 Rxh2 70. Kg3 Ra2 1/2-1/2

[Event "China zt 3.5 2014"]
[Site "Zhongshan CHN"]
[Date "2014.11.04"]
[Round "10.3"]
[White "Xu, Yinglun"]
[Black "Liu, Yan"]
[Result "1/2-1/2"]
[WhiteElo "2410"]
[BlackElo "2364"]
[WhiteFideId "8604940"]
[BlackFideId "8608962"]
[EventDate "2014.10.26"]

1. d4 Nf6 2. c4 e6 3. Nf3 Bb4+ 4. Nbd2 O-O 5. a3 Bxd2+ 6. Bxd2 d6 7. g3 Ne4 8.
Bg2 Nxd2 9. Qxd2 Qe7 10. Qc3 Re8 11. O-O e5 12. b4 Nd7 13. e3 c6 14. a4 a5 15.
bxa5 Nf6 16. Nd2 Qc7 17. dxe5 dxe5 18. Nb3 c5 19. Rfd1 e4 20. h3 h5 21. h4 Bg4
22. Rdb1 Bd7 23. Ra2 Ra6 24. Nd2 Bc6 25. Raa1 Ng4 26. Bh3 Ne5 27. Bg2 Ng4 28.
Bh3 Ne5 29. Bg2 f5 30. Nb3 Bd7 31. Rb2 Rd6 32. Rd2 Rxd2 33. Nxd2 Rd8 34. Qa3 Be6
35. Qb2 Nd3 36. Qb6 Qxb6 37. axb6 Nxf2 38. Nb3 Nd3 39. Bf1 Kf7 40. a5 Bxc4 41.
Nxc5 Rd5 42. Nxb7 Ba6 43. Rc1 Bxb7 44. Rc7+ Kf6 45. Rxb7 Rxa5 46. Rb8 Rb5 47. b7
Kg6 48. Bh3 Rb1+ 49. Kg2 Rb2+ 50. Kf1 Rb1+ 51. Kg2 Rb2+ 1/2-1/2

[Event "China zt 3.5 2014"]
[Site "Zhongshan CHN"]
[Date "2014.11.04"]
[Round "10.4"]
[White "Bu, Xiangzhi"]
[Black "Ju, Wenjun"]
[Result "1/2-1/2"]
[WhiteTitle "GM"]
[BlackTitle "WGM"]
[WhiteElo "2710"]
[BlackElo "2582"]
[WhiteFideId "8601445"]
[BlackFideId "8603006"]
[EventDate "2014.10.26"]

1. Nf3 Nf6 2. c4 g6 3. g3 c6 4. Bg2 Bg7 5. O-O d5 6. Qb3 O-O 7. d4 Qb6 8. Nc3
Rd8 9. Bf4 Bf5 10. Nd2 Be6 11. c5 Qa6 12. Qc2 b6 13. cxb6 axb6 14. b4 Nbd7 15.
a4 h6 16. h3 Qb7 17. Nb3 Ne8 18. a5 Nd6 19. Na4 Bf5 20. Qc1 b5 21. Nac5 Nxc5 22.
Nxc5 Qc8 23. g4 Bd7 24. Be5 Nc4 25. Bxg7 Kxg7 26. Qf4 Ra7 27. Rfd1 Be8 28. e4
dxe4 29. Qxe4 Rd6 30. d5 Kg8 31. Qf4 g5 32. Qg3 cxd5 33. Rxd5 Rxd5 34. Bxd5 Nxa5
35. Qd3 e6 36. Ne4 exd5 37. Nf6+ Kf8 38. bxa5 Ra6 39. Nxd5 Qc4 40. Qa3+ Kg7 41.
Qb2+ f6 42. Nb4 Ra7 43. a6 h5 44. Re1 hxg4 45. Rxe8 gxh3 46. Re3 Rd7 47. Qe2
Qxb4 48. Rxh3 Qc4 49. Qf3 Qe6 50. Kg2 Rc7 51. Qd3 Qg4+ 52. Rg3 Qc4 53. Qf3 b4
54. Rg4 Qb5 55. Qb3 Qc6+ 56. Qf3 Qb6 57. Qe3 Qxe3 58. fxe3 Ra7 59. Rxb4 Rxa6 60.
Kf3 Kg6 61. Rb5 f5 62. Rb8 Ra3 63. Rg8+ Kh6 64. Rh8+ Kg7 65. Rb8 Ra7 66. Rb6 Re7
67. Ra6 Kf7 68. Ra4 Kg6 69. Ra6+ Kh5 70. Ra8 Re5 71. Rh8+ Kg6 72. Rg8+ Kf6 73.
Rf8+ Kg7 74. Ra8 Re6 75. Rb8 Kf6 76. Rb4 g4+ 77. Kf4 Kg6 78. e4 fxe4 79. Kxg4
Kf6 80. Kf4 Kg6 1/2-1/2

[Event "China zt 3.5 2014"]
[Site "Zhongshan CHN"]
[Date "2014.11.04"]
[Round "10.5"]
[White "Ma, Zhonghan"]
[Black "Gao, Rui"]
[Result "1/2-1/2"]
[BlackTitle "GM"]
[WhiteElo "2471"]
[BlackElo "2523"]
[WhiteFideId "8607206"]
[BlackFideId "8602387"]
[EventDate "2014.10.26"]

1. Nf3 Nf6 2. c4 g6 3. Nc3 d5 4. cxd5 Nxd5 5. g3 Bg7 6. Bg2 Nxc3 7. bxc3 O-O 8.
O-O c5 9. d4 Nc6 10. Rb1 cxd4 11. Nxd4 Nxd4 12. cxd4 Qxd4 13. Ba3 Qxd1 14. Rfxd1
Bf6 15. Bxb7 Rb8 16. Bxc8 Rxb1 17. Rxb1 Rxc8 18. Rb7 Rc2 19. Bxe7 Bxe7 20. Rxe7
Rxa2 21. e4 Re2 22. Kf1 Ra2 23. Kg2 Kf8 24. Rb7 Kg7 25. e5 Re2 26. Rb5 g5 27. h3
Kg6 28. Ra5 h5 29. Kf1 Re4 30. f3 Rb4 31. Rxa7 Rb5 32. Ra6+ Kf5 33. Rf6+ Kxe5
34. Rxf7 Rb1+ 35. Kf2 Rb2+ 36. Ke3 Rb3+ 37. Ke2 Rb2+ 38. Kd3 Rh2 39. f4+ Ke6 40.
Rg7 gxf4 41. gxf4 Kf5 42. Rg5+ 1/2-1/2

[Event "China zt 3.5 2014"]
[Site "Zhongshan CHN"]
[Date "2014.11.04"]
[Round "10.6"]
[White "Xiu, Deshun"]
[Black "Bai, Jinshi"]
[Result "1/2-1/2"]
[WhiteTitle "GM"]
[BlackTitle "IM"]
[WhiteElo "2553"]
[BlackElo "2406"]
[WhiteFideId "8603693"]
[BlackFideId "8602280"]
[EventDate "2014.10.26"]

1. Nf3 Nf6 2. c4 g6 3. Nc3 d5 4. cxd5 Nxd5 5. Qb3 Nb6 6. d4 Bg7 7. Bf4 O-O 8. e3
Be6 9. Qa3 Nc6 10. Be2 a5 11. Qc5 a4 12. Nb5 Nd5 13. Bg3 Ra5 14. Qc1 Bg4 15. Nc3
a3 16. bxa3 Nxc3 17. Qxc3 Qa8 18. Bxc7 Rxa3 19. Qd2 Rc8 20. Bb6 e5 21. O-O Bxf3
22. Bxf3 exd4 23. exd4 Nxd4 24. Bd5 Qa4 25. Rac1 Rac3 26. Rxc3 Rxc3 27. Re1 Rc2
28. Qe3 Bf6 29. g3 Kg7 30. Qe4 Qb4 1/2-1/2

[Event "China zt 3.5 2014"]
[Site "Zhongshan CHN"]
[Date "2014.11.04"]
[Round "10.7"]
[White "Lei, Tingjie"]
[Black "Chu, Wei Chao"]
[Result "1-0"]
[WhiteTitle "WGM"]
[BlackTitle "IM"]
[WhiteElo "2421"]
[BlackElo "2369"]
[WhiteFideId "8605114"]
[BlackFideId "8605661"]
[EventDate "2014.10.26"]

1. d4 Nf6 2. c4 g6 3. Nc3 Bg7 4. e4 d6 5. Be2 O-O 6. Nf3 c5 7. O-O cxd4 8. Nxd4
Nc6 9. Be3 Nxd4 10. Bxd4 Nd7 11. Bxg7 Kxg7 12. b4 Ne5 13. Nd5 Be6 14. Qd4 f6 15.
Rfd1 Bf7 16. c5 Nc6 17. Qb2 e5 18. cxd6 Nd4 19. Nc7 Rc8 20. Bg4 Rxc7 21. dxc7
Qxc7 22. Rac1 Qb6 23. Rd2 h5 24. Be2 Rd8 25. h3 1-0